Choisissez la bonne orthographe - Statistiques

Statistiques générales
  • Ce quiz a été pris 2 489 fois
  • Le résultat moyen est 11 sur 15
Statistiques - réponses
Question Réponse % Correct
Quelle est l'orthographe correcte de ce mot ? Accueil
92%
Quelle est l'orthographe correcte de ce mot ? Coordonner
90%
Quelle est l'orthographe correcte de ce mot ? Coccyx
89%
Quelle est l'orthographe correcte de ce mot ? Appeler
85%
Quelle est l'orthographe correcte de ce mot ? Parallèle
83%
Quelle est l'orthographe correcte de ce mot ? Magazine
82%
Quelle est l'orthographe correcte de ce mot ? Reblochon
73%
Quelle est l'orthographe correcte de ce mot ? Atterrir
71%
Quelle est l'orthographe correcte de ce mot ? Diarrhée
71%
Quelle est l'orthographe correcte de ce mot ? Trottinette
68%
Quelle est l'orthographe correcte de ce mot ? Pyrénées
67%
Quelle est l'orthographe correcte de ce mot ? Dilemme
65%
Quelle est l'orthographe correcte de ce mot ? Méditerranée
61%
Quelle est l'orthographe correcte de ce mot ? Cirrhose
60%
Quelle est l'orthographe correcte de ce mot ? Rhododendron
59%
Aucun quiz correspondant
Distribution des résultats
% des personnes avec chaque résultat
Percentile par nombre de réponses
Votre historique - résultats
Vous n’avez pas pris ce quiz